| 000 | 00619nam a2200217 a 4500 | ||
|---|---|---|---|
| 005 | 20230317095210.0 | ||
| 008 | 040913s1999 mx r 000 0 spa d | ||
| 020 | _a9686941576 | ||
| 035 | _aUPN01000134691 | ||
| 049 | _aCG | ||
| 050 | 4 |
_aPR9309.9 D6.7 _bN3.6 |
|
| 100 | 1 |
_aDorfman, Ariel, _d1942- _930722 |
|
| 245 | 1 | 3 |
_aLa nana y el iceberg / _cAriel Dorfman. |
| 260 |
_aMéxico : _bSeix Barral, _c1999. |
||
| 300 | _a413 p. | ||
| 440 | 0 | _aBiblioteca breve | |
| 650 | 0 |
_aPadres e hijos _vNovela _912603 |
|
| 650 | 2 |
_aConducta sexual _vNovela _911486 |
|
| 650 | 4 |
_aCONDUCTA SUICIDA - _vNOVELA _9379 |
|
| 905 | _aLibro | ||
| 999 |
_c106842 _d106842 |
||